| 000 | 00693nam a2200205 i 4500 | ||
|---|---|---|---|
| 001 | 55211 | ||
| 003 | ES-MaACL | ||
| 005 | 20230906163113.0 | ||
| 007 | t| | ||
| 008 | 030916s1906 fr ||||1| fre d | ||
| 100 | 1 |
_aDelvolve, Jean. _943607 |
|
| 245 | 1 | 0 |
_aReligion, critique et philosophie positive chez Pierre Bayle / _cpar Jean Delvolvé. |
| 260 |
_aParis : _bFélix Alcan, _c1906 ( _eChartres : _fImp. Durand) |
||
| 300 |
_a445 p. ; _c22 cm. |
||
| 490 | 1 | _aBibliothèque de philosophie contemporaine | |
| 600 | 1 | 4 |
_aBayle, Pierre- _xCrítica e interpretación. _926674 |
| 830 | 0 |
_aBibliothèque de philosophie contemporaine _9181027 |
|
| 852 |
_aES-MaACL _jB-6339 |
||
| 999 |
_c55211 _d55211 |
||